LEADER 01907nlm 2200301 a 450 001 996590469503316 005 20240430094917.0 100 $a19880718e19581911 uy 0 101 0 $aeng 102 $aUS 135 $adrcnu 200 1 $a<> imperial administrative system in the ninth century$ewith a revised text of the Kletorologion of Philotheos$fby J.B. Bury 210 1 $aNew York$cBurt Franklin$d1958 215 $aTesto elettronico (PDF) (179 p.) 230 $aBase dati testuale 330 $all libro "The Imperial Administrative System In The Ninth Century: With A Revised Text Of Kletorologion Of Philotheos (1911)" di John Bagnell Bury, fornisce un'analisi dettagliata del sistema amministrativo dell'Impero bizantino durante il IX secolo. L'autore esamina i vari uffici e funzionari responsabili del governo dell'impero, tra cui l'imperatore, il patriarca e vari funzionari amministrativi. Il libro comprende anche un testo rivisto del Kletorologion di Philotheos, un documento che delinea la gerarchia della corte imperiale e i doveri dei suoi funzionari. Attraverso questo testo e altre fonti primarie, Bury fornisce una panoramica completa del sistema amministrativo bizantino e della sua evoluzione nel tempo. Questo libro č una risorsa preziosa per studiosi e studenti di storia bizantina, cosė come per coloro che sono interessati allo sviluppo dei sistemi amministrativi in ??generale. 410 0$aACLS Humanities E-Book. 606 0 $aImpero d'oriente$xAmministrazione centrale [e] Amministrazione locale$2BNCF 676 $a340.54 700 1$aBURY,$bJohn Bagnell$f1861-1927.$0128196 701 1$aPhilotheus$ffl. 899.$0395795 712 02$aAmerican Council of Learned Societies. 801 0$aIT$bcba$cREICAT 912 $a996590469503316 959 $aEB 969 $aER 996 $aImperial administrative system in the ninth century$94155936 997 $aUNISA